[Event "Big Lion - 1 "]
[Site "SchemingMind.com"]
[Date "2011.01.03"]
[Round "-"]
[White "SittingBull"]
[Black "DI DARIO"]
[Result "0-1"]
[WhiteCountry "CAN"]
[BlackCountry "INT"]
[WhiteElo "1919"]
[WhiteRD "86"]
[BlackElo "1642"]
[BlackRD "48"]
[GameID "271800"]

1. e4 Nc6 2. d4 d6 3. f3 e6 4. Be3 d5 5. Bd3 dxe4 6. Bxe4 Nf6 7. Bxc6+ bxc6 8. Ne2 Ba6 9. O-O Bd6 10. c3 Rb8
11. Qc2 Nd5 12. Bf2 Qg5 13. Re1 Bxe2 14. Rxe2 Nf4 15. Be3 Nxe2+ 16. Qxe2 Qh5 17. g3 Qg6 18. Na3 Bxa3 19. bxa3 Rb1+ 20. Rxb1 Qxb1+
21. Kg2 O-O 22. Qa6 Qxa2+ 23. Bf2 h6 24. Qxa7 Qb3 25. a4 Rb8 26. Qxc7 Qb7 27. Qe5 Ra8 28. a5 Qb5 29. Qxb5 cxb5 30. d5 Rxa5
31. d6 Kf8 32. Bb6 Ra8 33. Kf2 Ke8 34. Ke3 Kd7 35. Bc7 Ra3 36. Kd4 Kc6 37. h4 e5+
0-1

[Event "Big Lion - 1 "]
[Site "SchemingMind.com"]
[Date "2011.01.03"]
[Round "-"]
[White "SittingBull"]
[Black "Laufer"]
[Result "1-0"]
[WhiteCountry "CAN"]
[BlackCountry "CRO"]
[WhiteElo "1919"]
[WhiteRD "86"]
[BlackElo "1442"]
[BlackRD "84"]
[GameID "271801"]

1. e4 c5 2. Nf3 d6 3. d4 cxd4 4. Nxd4 Nf6 5. Nc3 a6 6. Bg5 e6 7. f4 Qb6 8. Qd2 Qxb2 9. Nb3 Qa3 10. Bxf6 gxf6
11. Be2 Nc6 12. O-O Bd7 13. Kh1 h5 14. Rf3 Rc8 15. Rd1 Qb4 16. Qe3 Ne7 17. f5 e5 18. Qd2 Bh6 19. Qd3 d5 20. Rh3 d4
21. Nd5 Nxd5 22. exd5 Bb5 23. Qe4 Bxe2 24. Qxe2 Qc4 25. Nxd4 Qxe2 26. Nxe2 Rxc2 27. Rc3 Rxc3 28. Nxc3 O-O 29. d6 Rd8 30. Ne4 Bf8
31. Kg1
1-0

[Event "Big Lion - 1 "]
[Site "SchemingMind.com"]
[Date "2011.01.03"]
[Round "-"]
[White "jtrochez1"]
[Black "SittingBull"]
[Result "0-1"]
[WhiteCountry "HON"]
[BlackCountry "CAN"]
[WhiteElo "1581"]
[WhiteRD "48"]
[BlackElo "1865"]
[BlackRD "93"]
[GameID "271802"]

1. e4 c5 2. Nf3 d6 3. d4 cxd4 4. Nxd4 Nf6 5. Nc3 g6 6. Bb5+ Bd7 7. Bxd7+ Qxd7 8. h3 Bg7 9. Be3 O-O 10. Qd2 Rc8
11. Rc1 Nc6 12. a3 Ne5 13. b3 a6 14. Nd5 Nxd5 15. exd5 b5 16. f4 Ng4 17. O-O Nxe3 18. Qxe3 Qa7 19. Rfd1 Rc7 20. Kh1 Rac8
21. Qf3 Bxd4 22. f5 Rxc2 23. Rxc2 Rxc2 24. fxg6 hxg6 25. Rf1 Bf6 26. Qd3 Qc5 27. b4 Qc3 28. Qxc3 Rxc3 29. Rf3 Rxf3 30. gxf3 Bb2
0-1

[Event "Big Lion - 1 "]
[Site "SchemingMind.com"]
[Date "2011.01.04"]
[Round "-"]
[White "Orhany24"]
[Black "SittingBull"]
[Result "0-1"]
[WhiteCountry "TUR"]
[BlackCountry "CAN"]
[WhiteElo "1770"]
[WhiteRD "66"]
[BlackElo "1865"]
[BlackRD "93"]
[GameID "271803"]

1. d4 Nf6 2. c4 g6 3. Nc3 Bg7 4. e4 d6 5. Bd3 O-O 6. f4 c5 7. d5 e6 8. Nf3 exd5 9. cxd5 Bg4 10. O-O Re8
11. h3 Bxf3 12. Qxf3 a6 13. a4 Nbd7 14. Bd2 Qb6 15. Rab1 c4+ 16. Be3 Qb4 17. Bd4 cxd3
0-1

[Event "Big Lion - 1 "]
[Site "SchemingMind.com"]
[Date "2011.01.07"]
[Round "-"]
[White "Shaka"]
[Black "SittingBull"]
[Result "0-1"]
[WhiteCountry "VEN"]
[BlackCountry "CAN"]
[WhiteElo "1805"]
[WhiteRD "75"]
[BlackElo "1920"]
[BlackRD "65"]
[GameID "271804"]

1. e4 c5 2. Nc3 Nc6 3. f4 e6 4. Nf3 g6 5. Bb5 Bg7 6. O-O Nge7 7. d3 O-O 8. Be3 d6 9. Qe1 a6 10. Bxc6 Nxc6
11. a3 Nd4 12. Bxd4 cxd4 13. Ne2 Qb6 14. b4 e5 15. fxe5 dxe5 16. Qg3 Re8 17. Ng5 Rf8 18. Nc1 h6 19. Nf3 Qc7 20. Rf2 Bd7
21. Nb3 b6 22. Raf1 Rac8 23. h3 Qd6 24. Ne1 Be6 25. Nd2 Rc7 26. Ndf3 a5 27. bxa5 bxa5 28. a4 Bd7 29. Nd2 Qc5 30. Nc4 Bxa4
31. Nf3 Re7 32. Ra1 Bb5 33. Rxa5 Qb4 34. Nfd2 Bxc4 35. Nxc4 Qe1+ 36. Kh2 Rb8 37. Qf3 Rb1 38. Ra8+ Kh7 39. Nd6 Qg1+ 40. Kg3 Re1
41. Re2 Re6 42. Rxe1 Qxe1+ 43. Kh2 Rf6 44. Nf5 gxf5 45. exf5 Qe3 46. Qg4 Qf4+ 47. Qxf4 exf4
0-1

[Event "Big Lion - 1 "]
[Site "SchemingMind.com"]
[Date "2011.01.04"]
[Round "-"]
[White "APB"]
[Black "SittingBull"]
[Result "0-1"]
[WhiteCountry "ENG"]
[BlackCountry "CAN"]
[WhiteElo "1672"]
[WhiteRD "60"]
[BlackElo "1932"]
[BlackRD "92"]
[GameID "271805"]

1. e4 c5 2. Nc3 g6 3. d4 cxd4 4. Qxd4 Nf6 5. Nd5 Bg7 6. Bf4 d6 7. Nxf6+ Bxf6 8. e5 Qa5+ 9. Bd2 Qxe5+ 10. Qxe5 Bxe5
11. c3 O-O 12. O-O-O Bf5 13. Nf3 Bg7 14. Nh4 Be6 15. Kb1 Nc6 16. Nf3 Rab8 17. Re1 b5 18. Re4 Bf5 19. Bd3 Bxe4 20. Bxe4 Ne5
21. h3 Nxf3 22. Bxf3 Rfc8 23. Be3 Rc7 24. Rc1 Rbc8 25. Bg4 f5 26. Bf3 e6 27. Bf4 e5 28. Bd5+ Kf8 29. Be3 f4 30. Bd2 Rc5
31. Be6 R8c7 32. b4 R5c6 33. Bd5 Rb6 34. g3 g5 35. Be4 h6 36. Bd5 Ke7 37. g4= Rb8 38. c4 bxc4 39. Rxc4 Rxc4 40. Bxc4 Rh8
41. Bc3 h5 42. Be2 hxg4 43. Bxg4 d5 44. b5 Rb8 45. Bb4+ Kf6 46. a4 Bf8 47. Bd2 Bc5 48. f3 a6
0-1

[Event "Big Lion - 1 "]
[Site "SchemingMind.com"]
[Date "2011.01.03"]
[Round "-"]
[White "DI DARIO"]
[Black "SittingBull"]
[Result "0-1"]
[WhiteCountry "INT"]
[BlackCountry "CAN"]
[WhiteElo "1653"]
[WhiteRD "58"]
[BlackElo "1865"]
[BlackRD "93"]
[GameID "271806"]

1. c4 g6 2. d4 Bg7 3. e4 d6 4. Nf3 Nf6 5. Nc3 O-O 6. h3 c5 7. d5 Na6 8. Bd2 Nc7 9. Bd3 a6 10. Nh2 e6
11. Bg5 exd5 12. cxd5 b5 13. Rb1 c4 14. Bc2 b4 15. Ne2 Qe8 16. f3 Qb5 17. Nd4 Qa5 18. Nc6 Qc5 19. a4 Re8 20. Qe2 Ncxd5
21. Ne5 Rxe5 22. Ng4 Bxg4 23. Bxf6 Nxf6 24. hxg4 b3 25. Bd1 d5 26. Rc1 dxe4 27. f4 Ree8 28. Bxb3 Qb4+ 29. Kf1 Qxb3 30. Rxc4 Qd3
31. Qxd3 exd3 32. Rd4 Rad8 33. Rxd8 Rxd8 34. Ke1 d2+ 35. Kd1 Nxg4 36. Rf1 Ne3+
0-1

[Event "Big Lion - 1 "]
[Site "SchemingMind.com"]
[Date "2011.01.03"]
[Round "-"]
[White "Laufer"]
[Black "SittingBull"]
[Result "0-1"]
[WhiteCountry "CRO"]
[BlackCountry "CAN"]
[WhiteElo "1736"]
[WhiteRD "125"]
[BlackElo "1865"]
[BlackRD "93"]
[GameID "271807"]

1. Nf3 Nf6 2. c4 g6 3. d4 Bg7 4. Nc3 O-O 5. e4 d6 6. Be2 e5 7. O-O Nc6 8. d5 Ne7 9. b4 Ne8 10. Ne1 f5
11. f3 f4 12. c5 g5 13. Nd3 h5 14. Bd2 Nf6 15. Nf2 Rf7 16. Rc1 Bf8 17. cxd6 cxd6 18. h3 Rg7 19. a4 Ng6 20. Nb5 Nh4
21. Qc2 g4 22. Nc7 Nxf3+ 23. Bxf3 gxf3 24. Nxa8 Rxg2+ 25. Kh1 Ng4 26. Nxg4 Bxg4 27. Rg1 Qh4 28. Rxg2 fxg2+ 29. Kxg2 f3+ 30. Kg1 Qg3+
31. Kf1 Bxh3#
0-1

[Event "Big Lion - 1 "]
[Site "SchemingMind.com"]
[Date "2011.01.04"]
[Round "-"]
[White "marble"]
[Black "jtrochez1"]
[Result "0-1"]
[WhiteCountry "ENG"]
[BlackCountry "HON"]
[WhiteElo "1419"]
[WhiteRD "62"]
[BlackElo "1557"]
[BlackRD "49"]
[GameID "271837"]

1. e4 e5 2. Nf3 Nc6 3. Bb5 d6 4. d4 Bd7 5. Nc3 exd4 6. Nxd4 Nge7 7. O-O h6 8. h3 Nxd4 9. Bxd7+ Qxd7 10. Qxd4 c5
11. Qd1 O-O-O 12. Bf4 Qc6 13. Re1 h5 14. Bh2 g6 15. Qf3 Rh7 16. h4 f6 17. Rad1 f5 18. Nd5 Nxd5 19. exd5 Qa6 20. a3 Re7
21. Rxe7 Bxe7 22. Re1 Re8 23. Qg3 g5 24. hxg5 Qc4 25. g6 Qg4 26. Qd3 Qxg6 27. Qb3 Rg8 28. g3 Bd8 29. Re6 Qg4 30. Rxd6 h4
31. Qe3 h3 32. Qe6+ Kb8 33. Qe1 Bc7 34. Re6 Rd8 35. Re8 Kc8 36. Qe6+ Kb8 37. Re7 Qd1+ 38. Qe1 Qxe1+ 39. Rxe1 Kc8 40. Rd1 Bd6
41. Re1 Kd7 42. Re6 Rh8 43. f4 c4 44. c3 b5 45. Kh1 Bc5 46. Rc6 Bb6 47. Bg1 Bxg1 48. Kxg1 Re8 49. Kh2 Re2+ 50. Kxh3 Rxb2
51. Kh4 Rb3
0-1

[Event "Big Lion - 1 "]
[Site "SchemingMind.com"]
[Date "2011.01.04"]
[Round "-"]
[White "marble"]
[Black "Orhany24"]
[Result "0-1"]
[WhiteCountry "ENG"]
[BlackCountry "TUR"]
[WhiteElo "1419"]
[WhiteRD "62"]
[BlackElo "1714"]
[BlackRD "63"]
[GameID "271838"]

1. e4 e5 2. Nf3 Nc6 3. Bb5 a6 4. Bc4 Nf6 5. Qe2 Be7 6. O-O O-O 7. Nc3 d6 8. Nd5 Nxd5 9. exd5 Nb8 10. d3 f5
11. b4 Nd7 12. a4 Nf6 13. Ng5 h6 14. Nf3 Kh8 15. d4 e4 16. Nd2 Bd7 17. h3 c6 18. dxc6 bxc6 19. Bb2 d5 20. Bb3 Qc7
21. c3 Bd6 22. c4 dxc4 23. Bxc4 Bxb4 24. Nb3 a5
0-1

[Event "Big Lion - 1 "]
[Site "SchemingMind.com"]
[Date "2011.01.04"]
[Round "-"]
[White "marble"]
[Black "APB"]
[Result "0-1"]
[WhiteCountry "ENG"]
[BlackCountry "ENG"]
[WhiteElo "1528"]
[WhiteRD "61"]
[BlackElo "1643"]
[BlackRD "63"]
[GameID "271840"]

1. e4 c5 2. Nf3 d6 3. d4 cxd4 4. Nxd4 Nf6 5. Nc3 a6 6. Bg5 e6 7. f4 Be7 8. e5 dxe5 9. fxe5 Nd5 10. Bxe7 Qxe7
11. Qg4 g6 12. O-O-O Ne3 13. Ne4 Nxg4 14. h3 Nxe5 15. Re1 Qb4 16. c3 Qe7 17. Be2 Qh4 18. Nd6+ Ke7 19. Nc4 Nxc4 20. Bxc4 b5
21. Bb3 Bb7 22. Nf3 Bxf3 23. gxf3 Qf4+ 24. Kb1 Qxf3 25. Bd1 Qf5+ 26. Bc2 Qc5 27. Re4 Qc6 28. Rf1 f5 29. Re2 Nd7 30. Rfe1 Nf8
31. Bb3 Rd8 32. a3 Rd3 33. h4 Rh3 34. Rd1 Rh1 35. Rd2 Rxd1+ 36. Rxd1 Qe4+ 37. Bc2 Qxh4 38. b3 Qg3 39. b4 Qxc3 40. Rd3 Qe1+
41. Rd1 Qf2 42. Kb2 Nd7 43. Kc1 Ne5 44. a4 Rc8 45. Rd2 Qe1+ 46. Rd1 Qxb4
0-1

[Event "Big Lion - 1 "]
[Site "SchemingMind.com"]
[Date "2011.01.04"]
[Round "-"]
[White "marble"]
[Black "SittingBull"]
[Result "0-1"]
[WhiteCountry "ENG"]
[BlackCountry "CAN"]
[WhiteElo "1528"]
[WhiteRD "61"]
[BlackElo "1865"]
[BlackRD "93"]
[GameID "271841"]

1. e4 c5 2. c3 e6 3. Qe2 Be7 4. Nf3 d5 5. d3 Nf6 6. e5 Nfd7 7. Na3 a6 8. g3 Nc6 9. Bg2 O-O 10. O-O Re8
11. c4 Qc7 12. cxd5 exd5 13. Bf4 Qb6 14. Nd2 Qxb2 15. Bxd5 Ndxe5 16. Nac4 Qd4 17. Nxe5 Qxd5 18. Ndc4 Nxe5 19. Bxe5 Bf6 20. Rfe1 Bh3
21. f4 Bxe5 22. fxe5 Rad8 23. Rad1 Bf5 24. Ne3 Qd4 25. Kh1 Bxd3 26. Rxd3 Qxd3 27. Qxd3 Rxd3 28. Nc4 b5 29. Nd6 Rxd6 30. exd6 Rxe1+
31. Kg2 Rd1
0-1

[Event "Big Lion - 1 "]
[Site "SchemingMind.com"]
[Date "2011.01.04"]
[Round "-"]
[White "marble"]
[Black "DI DARIO"]
[Result "0-1"]
[WhiteCountry "ENG"]
[BlackCountry "INT"]
[WhiteElo "1528"]
[WhiteRD "61"]
[BlackElo "1653"]
[BlackRD "58"]
[GameID "271842"]

1. e4 Nc6 2. d4 d6 3. Nf3 Bg4 4. Bb5 a6 5. Bxc6+ bxc6 6. h3 Bh5 7. c4 d5 8. cxd5 Bxf3 9. Qxf3 cxd5 10. exd5 Qd6
11. O-O Nf6 12. Nc3 h6 13. Bf4 Qd8 14. Rfe1 Rb8 15. b3 g5 16. Be5 Bg7 17. Bxf6 Bxf6 18. Rad1 O-O 19. Ne4 Bg7 20. Qg4 f5
21. Nf6+ Rxf6 22. Qe2 Bf8 23. Qc4 Rd6 24. Re6 a5 25. Rde1 Rb4 26. Qc5 Rxd5 27. Qc6 Rb6 28. Rg6+ Kh7 29. Qxb6 cxb6 30. Ree6 Rd6
31. Rxd6 exd6 32. Rf6 Qxf6
0-1

[Event "Big Lion - 1 "]
[Site "SchemingMind.com"]
[Date "2011.01.04"]
[Round "-"]
[White "marble"]
[Black "Laufer"]
[Result "1-0"]
[WhiteCountry "ENG"]
[BlackCountry "CRO"]
[WhiteElo "1542"]
[WhiteRD "66"]
[BlackElo "1461"]
[BlackRD "82"]
[GameID "271843"]

1. e4 c6 2. d4 d5 3. Nc3 dxe4 4. Nxe4 Nf6 5. Bd3 Nbd7 6. Ng5 e6 7. N1f3 Bd6 8. O-O h6 9. Ne4 Nxe4 10. Bxe4 O-O
11. h3 Nf6 12. Bd3 c5 13. dxc5
1-0

[Event "Big Lion - 1 "]
[Site "SchemingMind.com"]
[Date "2011.01.04"]
[Round "-"]
[White "jtrochez1"]
[Black "marble"]
[Result "1-0"]
[WhiteCountry "HON"]
[BlackCountry "ENG"]
[WhiteElo "1581"]
[WhiteRD "48"]
[BlackElo "1528"]
[BlackRD "61"]
[GameID "271844"]

1. e4 c5 2. Nf3 g6 3. d4 cxd4 4. Nxd4 Bg7 5. c3 Nc6 6. Be3 Nf6 7. Nd2 d6 8. Be2 O-O 9. h3 e6 10. O-O Ne7
11. a4 e5 12. Nc2 d5 13. f3 dxe4 14. fxe4 b6 15. b4 Bb7 16. Bf3 Rc8 17. Ra3 a6 18. Qe2 Rc7 19. Bxb6 Nc8 20. Bxc7 Qxc7
21. b5 axb5 22. axb5 Rd8 23. Rd1 Nd6 24. Rb3 Qb6+ 25. Kh1 Bc8 26. c4 Nb7 27. Qe3 Qe6 28. Ra3 Bf8 29. Raa1 Bc5 30. Qe2 Nh5
31. Bxh5 gxh5 32. Qxh5 Nd6 33. Ne1 Nxc4 34. Nxc4 Rxd1 35. Rxd1 Bd7 36. Qg5+ Kf8 37. Nxe5 Be7 38. Nxd7+ Ke8 39. Qg8+ Bf8 40. Qxf8#
1-0

[Event "Big Lion - 1 "]
[Site "SchemingMind.com"]
[Date "2011.01.04"]
[Round "-"]
[White "Orhany24"]
[Black "marble"]
[Result "1-0"]
[WhiteCountry "TUR"]
[BlackCountry "ENG"]
[WhiteElo "1714"]
[WhiteRD "63"]
[BlackElo "1419"]
[BlackRD "62"]
[GameID "271845"]

1. d4 Nf6 2. c4 g6 3. Nc3 Bg7 4. e4 d6 5. Bd3 O-O 6. Nge2 e5 7. d5 Nbd7 8. O-O c6 9. h3 cxd5 10. cxd5 Nc5
11. Bc2 b6 12. f4 exf4 13. Bxf4 Nh5 14. Be3 Re8 15. b4 Na6 16. Rb1 Nc7 17. Qd2 Bxc3 18. Qxc3 Nb5 19. Qb2 Ba6 20. Bh6 Nc7
21. Nf4 Re5 22. Nxh5 Ne8 23. Nf4 Qh4 24. b5
1-0

[Event "Big Lion - 1 "]
[Site "SchemingMind.com"]
[Date "2011.01.05"]
[Round "-"]
[White "APB"]
[Black "marble"]
[Result "1-0"]
[WhiteCountry "ENG"]
[BlackCountry "ENG"]
[WhiteElo "1643"]
[WhiteRD "63"]
[BlackElo "1528"]
[BlackRD "61"]
[GameID "271847"]

1. e4 c5 2. Nc3 d6 3. f4 Nf6 4. Nf3 Nc6 5. Bb5 a6 6. Bc4 Bg4 7. h3 Bxf3 8. Qxf3 Nb4 9. Bb3 c4 10. a3 cxb3
11. axb4 bxc2 12. Qd3 e5 13. f5 Nh5 14. Nd5 Qh4+ 15. g3 Qxg3+ 16. Qxg3 Nxg3 17. Rg1 Rc8 18. Rxg3 Rc4 19. d3 Rc8 20. b3 h5
21. h4 g6 22. fxg6 fxg6 23. Rxg6 Rh7 24. Nf6+ Kf7 25. Nxh7 Kxg6 26. Nxf8+ Rxf8 27. Bg5 Rc8 28. Rc1 b6 29. Kd2 d5 30. Rxc2 Rf8
31. Rc6+ Kh7 32. exd5 Rf2+ 33. Ke3 Rb2 34. d6 Rxb3 35. Rxb6 a5 36. d7 a4 37. d8=Q a3 38. Qd7+
1-0

[Event "Big Lion - 1 "]
[Site "SchemingMind.com"]
[Date "2011.01.04"]
[Round "-"]
[White "SittingBull"]
[Black "marble"]
[Result "1-0"]
[WhiteCountry "CAN"]
[BlackCountry "ENG"]
[WhiteElo "1865"]
[WhiteRD "93"]
[BlackElo "1528"]
[BlackRD "61"]
[GameID "271848"]

1. e4 c5 2. Nf3 g6 3. d4 cxd4 4. Nxd4 Bg7 5. c4 Nc6 6. Nc2 d6 7. Nc3 Nh6 8. Be2 f5 9. O-O O-O 10. Be3 fxe4
11. Nxe4 Bxb2 12. Bxh6 Bxa1 13. Qxa1 Rf7 14. Ng5 Ne5 15. Nxf7 Kxf7 16. f4 Qb6+ 17. Kh1 Ng4 18. Qg7+ Ke8 19. Qf8+ Kd7 20. Bxg4+ e6
21. Qf7+ Kc6 22. Bf3+ Kc5 23. Bg7 Kxc4 24. Na3+ Kb4 25. Rb1+ Kxa3 26. Rxb6 axb6 27. Qc7 b5 28. Qc3+ Ka4 29. Bd1#
1-0

[Event "Big Lion - 1 "]
[Site "SchemingMind.com"]
[Date "2011.01.04"]
[Round "-"]
[White "DI DARIO"]
[Black "marble"]
[Result "1-0"]
[WhiteCountry "INT"]
[BlackCountry "ENG"]
[WhiteElo "1653"]
[WhiteRD "58"]
[BlackElo "1528"]
[BlackRD "61"]
[GameID "271849"]

1. Nf3 d5 2. c4 c6 3. e3 Nf6 4. b3 Bf5 5. Bb2 Nbd7 6. Nc3 Nc5 7. Nh4 Nd3+ 8. Bxd3 Bxd3 9. Nf3 dxc4 10. Na4 b5
11. Nc5 Bf5 12. Nd4 Qb6 13. b4 e5 14. Nxf5 Bxc5 15. bxc5 Qxc5 16. Nxg7+ Kf8 17. Nf5 Rd8 18. f4 Ne4 19. Qg4 Rg8 20. Qh3 Rxd2
21. Qh6+ Ke8 22. Ng7+ Kd7 23. Qh3+ Ke7 24. Bxe5 Qb4 25. O-O c3 26. Qxh7 Rf8 27. Qh4+ Kd7 28. Qg4+ Kd8 29. Rad1 Qc5 30. Bd4 Qc4
31. f5 c2 32. Rc1 Qxa2 33. Qxe4 Rg8 34. Bf6+ Kc7 35. Ra1 Qxa1 36. Bxa1 Rgd8 37. Bb2 R8d3 38. Ne8+ Kb7 39. Qb4 Rd1 40. Qa5 Rxf1+
41. Kxf1 Rxe3 42. Qc7+ Ka6 43. Qxc6+ Ka5 44. Nd6 Rb3 45. Qxc2
1-0

[Event "Big Lion - 1 "]
[Site "SchemingMind.com"]
[Date "2011.01.04"]
[Round "-"]
[White "Laufer"]
[Black "marble"]
[Result "0-1"]
[WhiteCountry "CRO"]
[BlackCountry "ENG"]
[WhiteElo "1461"]
[WhiteRD "82"]
[BlackElo "1542"]
[BlackRD "66"]
[GameID "271850"]

1. d4 Nf6 2. c4 g6 3. Nc3 Bg7 4. e4 d6 5. Nf3 O-O 6. Be2 e5 7. O-O exd4 8. Nxd4 Re8 9. f3 Nc6 10. Be3 Nxd4
11. Bxd4 c5 12. Be3 b6
0-1

[Event "Big Lion - 1 "]
[Site "SchemingMind.com"]
[Date "2011.01.05"]
[Round "-"]
[White "Clive Everill"]
[Black "jtrochez1"]
[Result "0-1"]
[WhiteCountry "CZE"]
[BlackCountry "HON"]
[WhiteElo "1679"]
[WhiteRD "53"]
[BlackElo "1557"]
[BlackRD "49"]
[GameID "271872"]

1. e4 Nc6 2. d4 e5 3. dxe5 Nxe5 4. Qd4 d6 5. Nc3 c5 6. Qd1 Be6 7. Bb5+ Nc6 8. Nf3 Bd7 9. O-O h6 10. Re1 a6
11. Bc4 Be6 12. Bxe6 fxe6 13. a3 g5 14. Be3 Qc7 15. Nd2 O-O-O 16. Na4 Nd4 17. c3 Nb5 18. Qg4 Re8 19. Qh3 Kb8 20. Bxg5 Be7
21. Bxe7 Rxe7 22. b4 Nf6 23. bxc5 dxc5 24. Nc4 h5 25. e5 Ng4 26. Rad1 Ka7 27. Nd6 Nxa3 28. Re2 Qd7 29. Nxc5 Qc6 30. Nce4 Nc4
31. Nxc4 Qxc4 32. Ree1 Nxe5 33. Qe3+ b6 34. Rd6 Rb8 35. Rb1 Reb7 36. h3 Nd7 37. Ng3 h4 38. Rb4 Qc5 39. Qxc5 bxc5 40. Rxb7+ Rxb7
41. Ne4 a5 42. Rxe6 a4 43. Nd2 a3 44. Re1 Kb8 45. Ra1 Ra7 46. g4 hxg3 47. fxg3 Ne5 48. g4 Kc7 49. Kf2 Kd7 50. Kg3 Ke6
51. h4 Kf7 52. Kf4 Ng6+ 53. Kg3 Kg7 54. h5 Nf8 55. Kh4 Kg8 56. Ne4 Ne6 57. c4 Kg7 58. Nd6 a2 59. g5 Nd4 60. Nb5 Nc2
61. h6+ Kh7 62. Nxa7 Nxa1 63. Kh5 Nb3 64. g6+ Kh8 65. Nc8 a1=Q 66. g7+ Kh7 67. Ne7 Qe5+
0-1

[Event "Big Lion - 1 "]
[Site "SchemingMind.com"]
[Date "2011.01.04"]
[Round "-"]
[White "Clive Everill"]
[Black "Orhany24"]
[Result "1-0"]
[WhiteCountry "CZE"]
[BlackCountry "TUR"]
[WhiteElo "1688"]
[WhiteRD "52"]
[BlackElo "1716"]
[BlackRD "64"]
[GameID "271873"]

1. e4 e5 2. Nc3 Nf6 3. f4 d5 4. fxe5 Bg4 5. Nf3 Nxe4 6. Qe2 Bc5 7. Nxe4 dxe4 8. Qxe4 Bc8 9. d4 Be7 10. Bc4 O-O
11. O-O h6 12. Bd3
1-0

[Event "Big Lion - 1 "]
[Site "SchemingMind.com"]
[Date "2011.01.07"]
[Round "-"]
[White "Clive Everill"]
[Black "Shaka"]
[Result "0-1"]
[WhiteCountry "CZE"]
[BlackCountry "VEN"]
[WhiteElo "1679"]
[WhiteRD "53"]
[BlackElo "1871"]
[BlackRD "83"]
[GameID "271874"]

1. e4 c6 2. d4 g6 3. Nd2 Bg7 4. Ngf3 d6 5. c3 Bg4 6. Be2 Nd7 7. O-O Bxf3 8. Nxf3 Ngf6 9. Bd3 e5 10. Bg5 O-O
11. dxe5 dxe5 12. Qc2 Qc7 13. Rad1 h6 14. Bd2 Rad8 15. Qc1 Nc5 16. Bc2 Ncxe4 17. Bxh6 Rxd1 18. Rxd1 Qb6 19. Be3 Qa6 20. Qb1 Qc4
21. Nxe5 Qe6 22. Bf4 Nc5 23. Nxf7 Rxf7 24. b4 Nce4 25. Bb3 Nd5 26. Bxd5 cxd5 27. Bd2 Rxf2 28. Qd3 Qg4
0-1

[Event "Big Lion - 1 "]
[Site "SchemingMind.com"]
[Date "2011.01.05"]
[Round "-"]
[White "Clive Everill"]
[Black "APB"]
[Result "0-1"]
[WhiteCountry "CZE"]
[BlackCountry "ENG"]
[WhiteElo "1688"]
[WhiteRD "52"]
[BlackElo "1672"]
[BlackRD "60"]
[GameID "271875"]

1. e4 c5 2. Nf3 e6 3. c4 Nc6 4. Nc3 Nf6 5. Be2 Bd6 6. O-O O-O 7. d4 cxd4 8. Nxd4 Nxd4 9. Qxd4 Qc7 10. f4 Bc5
11. Qxc5 Qxc5+ 12. Kh1 d6 13. Rf3 Ng4 14. h3 e5 15. hxg4 Bxg4 16. Be3 Qb4 17. Rg3 Bxe2 18. Nxe2 Qxc4 19. Nc3 f5 20. exf5 Rxf5
21. fxe5 Rxe5 22. Rc1 Rae8 23. Bd2 Rf8 24. Kh2 Rh5+ 25. Rh3 Rhf5 26. b3 Qf7 27. Ne4 Qd5 28. Rc4 Qe5+ 29. Ng3 d5 30. Bc3 Qb8
31. Rg4 g6 32. Bd4 R5f7 33. Bc5 Rc8 34. b4 b6 35. Be3 Rc2 36. a4 Rb2 37. Rhh4 Rb1 38. Kh3 Qe5 39. Bd4 Qe6 40. Kh2 Rxb4
41. Nh5 Rxa4 42. Ng3 Kf8 43. Bc5+ bxc5 44. Rxa4 c4 45. Ra3 Qd6 46. Rc3 Qf6
0-1

[Event "Big Lion - 1 "]
[Site "SchemingMind.com"]
[Date "2011.01.04"]
[Round "-"]
[White "Clive Everill"]
[Black "marble"]
[Result "1-0"]
[WhiteCountry "CZE"]
[BlackCountry "ENG"]
[WhiteElo "1689"]
[WhiteRD "50"]
[BlackElo "1528"]
[BlackRD "61"]
[GameID "271876"]

1. e4 c5 2. Nf3 e6 3. c3 d5 4. exd5 Qxd5 5. d4 Nf6 6. Na3 Bd7 7. Nb5 Bxb5 8. Bxb5+ Nc6 9. O-O a6 10. c4 Qd7
11. Ba4 cxd4 12. Nxd4 b5 13. Nxc6 Qxc6 14. cxb5 axb5 15. Bb3 Rd8 16. Qe2 Rd4 17. a4 Rg4 18. f3 Rd4 19. axb5 Qb7 20. Be3 Rb4
21. Ba4 Be7 22. b6+ Nd7 23. Rfd1 O-O 24. Rxd7 Qa8 25. Rxe7 Rxa4 26. Rxa4 Qxa4 27. Ra7 Qc6 28. Qa6 h6 29. b7 Qxa6 30. Rxa6 Rb8
31. Ra8
1-0

[Event "Big Lion - 1 "]
[Site "SchemingMind.com"]
[Date "2011.01.04"]
[Round "-"]
[White "Clive Everill"]
[Black "SittingBull"]
[Result "1-0"]
[WhiteCountry "CZE"]
[BlackCountry "CAN"]
[WhiteElo "1689"]
[WhiteRD "50"]
[BlackElo "1865"]
[BlackRD "93"]
[GameID "271877"]

1. e4 c5 2. Nf3 d6 3. c3 Nc6 4. Be2 Nf6 5. d4 cxd4 6. cxd4 Nxe4 7. d5 Qa5+ 8. Nc3 Nxc3 9. bxc3 Ne5 10. Bb2 Nxf3+
11. Bxf3 Qc5 12. O-O g6 13. c4 f6 14. Re1 Bd7 15. Bxf6 Qxc4 16. Bxh8
1-0

[Event "Big Lion - 1 "]
[Site "SchemingMind.com"]
[Date "2011.01.04"]
[Round "-"]
[White "Clive Everill"]
[Black "DI DARIO"]
[Result "1-0"]
[WhiteCountry "CZE"]
[BlackCountry "INT"]
[WhiteElo "1689"]
[WhiteRD "50"]
[BlackElo "1653"]
[BlackRD "58"]
[GameID "271878"]

1. e4 e5 2. Nc3 Nf6 3. f4 exf4 4. e5 Ng8 5. d4 Qh4+ 6. Ke2 d6 7. Nf3 Bg4 8. Nd5 Na6 9. Bxf4 O-O-O 10. Ke3 f6
11. Bxa6 Bxf3 12. Qxf3 bxa6 13. Nb4 dxe5 14. Qa8+ Kd7 15. Qc6+ Ke7 16. dxe5 f5 17. Nd5+ Rxd5 18. Qxd5 Nh6 19. h3 Qh5 20. Qc5+ Kf7
21. Qxc7+ Be7 22. Qc4+ Kg6 23. Qe6+ Bf6 24. exf6 gxf6 25. Rad1 Nf7 26. g4 fxg4 27. hxg4 Qc5+ 28. Kf3 h6 29. Rd7 Qf8 30. Qf5+ Kg7
31. g5 hxg5 32. Rxh8 Qxh8 33. Bg3 Qh1+ 34. Kf2 Qc1 35. Be5 fxe5 36. Qxf7+
1-0

[Event "Big Lion - 1 "]
[Site "SchemingMind.com"]
[Date "2011.01.04"]
[Round "-"]
[White "Clive Everill"]
[Black "Laufer"]
[Result "1-0"]
[WhiteCountry "CZE"]
[BlackCountry "CRO"]
[WhiteElo "1688"]
[WhiteRD "52"]
[BlackElo "1461"]
[BlackRD "82"]
[GameID "271879"]

1. e4 c5 2. Nf3 d6 3. c3 Nf6 4. Na3 Nc6 5. Qe2 g6 6. g3 Bg7 7. Bg2 O-O 8. O-O a6 9. d4 cxd4 10. cxd4 e5
11. d5 Ne7 12. Nc4 b5 13. Ncd2 Nd7 14. b4 Nb6 15. Ba3
1-0

[Event "Big Lion - 1 "]
[Site "SchemingMind.com"]
[Date "2011.01.06"]
[Round "-"]
[White "jtrochez1"]
[Black "Clive Everill"]
[Result "1-0"]
[WhiteCountry "HON"]
[BlackCountry "CZE"]
[WhiteElo "1572"]
[WhiteRD "51"]
[BlackElo "1688"]
[BlackRD "52"]
[GameID "271880"]

1. e4 a6 2. d4 b5 3. Be3 Bb7 4. Bd3 e6 5. f3 Bb4+ 6. c3 Ba5 7. b4 Bb6 8. a3 Ne7 9. Nd2 O-O 10. Ne2 d5
11. e5 Nd7 12. Qc2 g6 13. O-O f5 14. Nf4 Re8 15. Nxe6 Qc8 16. Rfe1 Nxe5 17. Nc5 Nxd3 18. Qxd3 c6 19. Nxb7 Qxb7 20. Nb3 Nc8
21. Nc5 Qg7 22. Qd2 Nd6 23. Bh6 Qf7 24. Qg5 Nc4 25. Qh4 Bd8 26. Rxe8+ Qxe8 27. Qf2 Bf6 28. Re1 Qf7 29. f4 Nxa3 30. Bg5 Bxg5
31. fxg5 Nc4 32. Qf4 a5 33. bxa5 Re8 34. Rxe8+ Qxe8 35. Kf1 Ne3+ 36. Kg1 Nd1 37. Qe5 Qa8 38. Qe6+ Kg7 39. Qe7+ Kg8 40. Ne6 Nxc3
41. Qg7#
1-0